000 00388nam a2200157Ia 4500
003 Ost
005 20260225132551.0
008 260225s9999||||xx |||||||||||||| ||und||
040 _cfsic
041 _afre
082 _a320.951
100 _aAbderrahmane Mahmoudi
_eAuteur
245 0 _aInformation :
245 0 _bla face cachée du mensonge /
_cAbderrahmane Mahmoudi
942 _cكتاب
999 _c34168
_d34168